| 000 | 01216pam a2200373 a 4500 | ||
|---|---|---|---|
| 001 | 4362359 | ||
| 003 | OSt | ||
| 005 | 20140310182647.0 | ||
| 008 | 900601s1991 nju b 001 0 eng | ||
| 010 | _a 90038403 | ||
| 020 | _a9814119598 (pbk.) | ||
| 040 |
_aDLC _cDLC _dDLC |
||
| 050 | 0 | 0 |
_aQ 175.5 _b.M478 1991 |
| 082 | 0 | 0 |
_aM 303.483 _bM17 1991 |
| 100 | 1 |
_aMcGinn, Robert E., _d1941- |
|
| 245 | 1 | 0 |
_aScience, technology, and society / _cMcGinn, Robert E. |
| 260 |
_aEnglewood Cliffs, N.J. : _bPrentice Hall, _cc1991. |
||
| 300 |
_axvii, 302 p. ; _c23 cm. |
||
| 440 | 0 | _aPrentice-Hall foundations of modern sociology series | |
| 504 | _aIncludes bibliographical references (p. [285]-292) and index. | ||
| 521 | _aHigh School to College Students | ||
| 526 | _c1210L-1700L | ||
| 541 | _j2 | ||
| 541 | _j1 | ||
| 541 | _j4 | ||
| 541 | _j5 | ||
| 541 | _j3 | ||
| 562 | _e5 | ||
| 650 | 0 |
_aScience _xSocial aspects. |
|
| 650 | 0 |
_aTechnology _xSocial aspects. |
|
| 906 |
_a7 _bcbc _corignew _d1 _eocip _f19 _gy-gencatlg |
||
| 942 |
_2lcc _cBK _kM |
||
| 999 |
_c15067 _d15067 |
||